Statistics for Nirvana - Nevermind Songs

Click here to take the quiz!

General Stats

  • This quiz has been taken 59 times
  • The average score is 11 of 16

Answer Stats

ListensSong% Correct
1,950,068,497Smells Like Teen Spirit
100%
1,233,674,154Come As You Are
98%
589,702,768Lithium
92%
124,019,952Polly
88%
441,633,813Something In The Way
86%
143,048,978Drain You
84%
323,294,831In Bloom
80%
148,268,807Breed
74%
63,856,345On A Plain
68%
85,556,081Territorial Pissings
68%
31,874,592Endless, Nameless
66%
90,211,165Lounge Act
62%
78,010,594Stay Away
60%
11,225,704Aneurysm
26%
6,131,381Curmudgeon
16%
7,566,248Even In His Youth
16%

Score Distribution

Percentile by Number Answered

Percent of People with Each Score

Your Score History

You have not taken this quiz